Statistiche per Vincitori Coppa Italia

Clicka qui per fare il quiz!

Statistiche generali

  • Questo quiz è stato fatto 199 volte
    (13 dall'ultimo reset)
  • Il punteggio medio è 74 su 76

Statistiche sulle risposte

EdizioneCampioni% Corretto
1963Atalanta
100%
1970Bologna
100%
1974Bologna
100%
1937Genoa
100%
1939Inter
100%
2023Inter
100%
2022Inter
100%
2005Inter
100%
2006Inter
100%
1978Inter
100%
1982Inter
100%
2010Inter
100%
2011Inter
100%
1983Juventus
100%
1979Juventus
100%
2015Juventus
100%
1990Juventus
100%
1995Juventus
100%
2024Juventus
100%
2016Juventus
100%
1960Juventus
100%
2017Juventus
100%
1938Juventus
100%
1965Juventus
100%
1942Juventus
100%
2021Juventus
100%
2018Juventus
100%
1959Juventus
100%
2000Lazio
100%
2004Lazio
100%
2009Lazio
100%
1958Lazio
100%
1998Lazio
100%
2019Lazio
100%
2013Lazio
100%
1967Milan
100%
1977Milan
100%
1973Milan
100%
2003Milan
100%
1972Milan
100%
2012Napoli
100%
2014Napoli
100%
2020Napoli
100%
1987Napoli
100%
1976Napoli
100%
1962Napoli
100%
1984Roma
100%
1980Roma
100%
2008Roma
100%
2007Roma
100%
1986Roma
100%
1981Roma
100%
1969Roma
100%
1991Roma
100%
1964Roma
100%
1989Sampdoria
100%
1988Sampdoria
100%
1985Sampdoria
100%
1994Sampdoria
100%
1968Torino
100%
1943Torino
100%
1971Torino
100%
1993Torino
100%
1936Torino
100%
1975Fiorentina
92%
2001Fiorentina
92%
1966Fiorentina
92%
1996Fiorentina
92%
1961Fiorentina
92%
1940Fiorentina
92%
2002Parma
92%
1999Parma
92%
1992Parma
92%
1997Vicenza
75%
1941Venezia
67%
1923Vado
58%

Distribuzione punteggi

Percentile per numero di risposta

Percentuale di utenti per punteggio

I tuoi punteggi nel tempo

Non hai fatto questo quiz dall'ultimo reset